Management (Record no. 322048)

MARC details
000 -LEADER
fixed length control field 00488nam a2200169Ia 4500
008 - FIXED-LENGTH DATA ELEMENTS--GENERAL INFORMATION
fixed length control field 230718s9999 xx 000 0 und d
041 ## - LANGUAGE CODE
Language code of text/sound track or separate title eng
082 ## - DEWEY DECIMAL CLASSIFICATION NUMBER
Classification number 658.4
Item number WEI
100 ## - MAIN ENTRY--PERSONAL NAME
Personal name Weihrich H.
9 (RLIN) 109450
245 ## - TITLE STATEMENT
Title Management
Remainder of title A Global And Entrepreneurial Perspective
250 ## - EDITION STATEMENT
Edition statement 12th
260 ## - PUBLICATION, DISTRIBUTION, ETC. (IMPRINT)
Date of publication, distribution, etc. 2008
Name of publisher, distributor, etc. Tata Mc-Graw Hill
300 ## - PHYSICAL DESCRIPTION
Extent 527
365 ## - TRADE PRICE
Currency code Rs.
Price amount 450.00
700 ## - ADDED ENTRY--PERSONAL NAME
Personal name Weihrich H.; Cannice M.V. & Koontz H.
906 ## - LOCAL DATA ELEMENT F, LDF (RLIN)
d O:0018229-Jul-2009B:92218-Jul-2009
c ME ETC
b 90
Holdings
Withdrawn status Lost status Damaged status Not for loan Home library Current library Date acquired Vendor Budget Code Cost, normal purchase price Bill number Total Checkouts Full call number Barcode Date last seen Discount Cost, replacement price Bill Date Koha item type Original Barcode
        Cummins College of Engineering for Women Pune Cummins College of Engineering for Women Pune 29/07/2009 Tbs ME ETC 360.00 922   658.4 CCEP-BK-33255 18/07/2023 90 450.00 18/07/2009 Books 033255